Mołdawskie miasta - nagła śmierć - Statystyki

Ogólne statystyki
  • Ten quiz został rozwiązany 20 razy
  • Średni wynik to 7 z 20
Answers on the Grid
Answers color-coded by a green-red scale on the quiz's grid according to % correct below.
Bacău
Bielce
Kaguł
Winnica
Kiszyniów
Ceadîr-Lunga
Dubosary
Jedyńce
Fălești
Vaslui
Tulcza
Baja
Grigoriopol
Sewastopol
Symferopol
Ialoveni
Leova
Nisporeni
Orgiejów
Otaci
Soroki
Mioveni
Radowce
Sighișoara
Ștefan Vodă
Tyraspol
Ungheni
Vulcănești
Anenii Noi
Cricova
 
Statystyki odpowiedzi
Odpowiedź % Poprawnych
Kiszyniów
100%
Tyraspol
69%
Bielce
54%
Orgiejów
54%
Cricova
31%
Jedyńce
31%
Nisporeni
31%
Ștefan Vodă
31%
Anenii Noi
23%
Ceadîr-Lunga
23%
Dubosary
23%
Fălești
23%
Grigoriopol
23%
Kaguł
23%
Soroki
23%
Ungheni
23%
Vulcănești
23%
Ialoveni
15%
Leova
15%
Otaci
15%
Nie znaleziono quizów pasujących do podanych kryteriów
Rozkład punktacji
Procent ludzi z każdym wynikiem
Percentyl według liczby udzielonych odpowiedzi
Twoja historia wyników
Nie rozwiązałeś tego quizu